Metaphysica tradita a ... Daniele Mihalik tractataque est per me Samuelem Velits Ao 1811. Caesareofori

Prednášky profesora Daniela Mihálika na evanjelickom lýceu v Kežmarku z metafyziky, zapísané študentom Samuelom Veličom

Bibliographic Details
Main Author: Mihálik, Daniel, 1767-1840 (Author)
Format: Manuscript Book
Language:Latin
PhysicalDescription:127 nečíslovaných strán rukopis, viazaný 22 cm
Published: Caesareofori 1811
Subjects:

MARC

LEADER 00000ctmaa2200000 a 4500
001 vtls011763571
003 SK-MaSNL
005 20260302021147.0
008 251201s1811 xo || 000ns lat
035 |a urn:nbn:sk:snk-tm00elrx 
035 |a urn:nbn:sk:snk-tm3n3s2 
035 |a 730937FA-33AC-4A6C-93A9-948A1BCDC657 
040 |a SNKLA  |b slo  |c SNKLA  |e AACR2 
041 0 |a lat 
044 |a xo  |c SK 
072 7 |a 37  |x Výchova a vzdelávanie  |2 konspekt 
072 7 |a 11  |x Metafyzika  |2 konspekt 
080 |a 37.091.32  |2 2011 
080 |a 025.171  |2 2011 
080 |a 686.816(075):37  |2 2011 
100 1 |a Mihálik, Daniel,  |d 1767-1840  |4 aut  |9 181394 
245 1 0 |a Metaphysica tradita a ... Daniele Mihalik tractataque est per me Samuelem Velits Ao 1811. Caesareofori 
246 3 3 |a Metaphysica tradita a ... Daniele Mihalik tractataque est per me Samuelem Velits Annoo 1811. Caesareofori 
260 |a Caesareofori  |c 1811 
300 |a 127 nečíslovaných strán  |b rukopis, viazaný  |c 22 cm 
520 2 |a Prednášky profesora Daniela Mihálika na evanjelickom lýceu v Kežmarku z metafyziky, zapísané študentom Samuelom Veličom 
555 0 |a Inventár rukopisov Archívu literatúry a umenia Slovenskej národnej knižnice. Rukopisy Muzeálnej slovenskej spoločnosti : Slovenská národná knižnica 2008 
561 |a Okrúhla pečiatka: Museálna slovenská spoločnosť 
610 2 7 |a Evanjelická cirkev a.v.  |2 SNKKA  |9 32425 
610 2 7 |a Evanjelické lýceum v Kežmarku  |2 SNKKA  |9 35953 
650 0 7 |a metafyzika  |2 SNKPH  |9 810 
655 7 |a prednášky  |2 SNKPH  |9 70554 
655 7 |a rukopisy  |2 SNKPH  |9 70548 
655 7 |a školské zošity  |2 SNKPH  |9 161741 
700 1 |a Velič, Samuel  |4 trc  |9 613979 
752 |a Slovensko  |d Kežmarok 
852 |a Slovenská národná knižnica  |b Literárny archív 
958 |a MS 
958 |a LAVD 
999 |c 1027751  |d 1029681 
952 |a SNKLA  |b SNKLA  |c SNKLA_DEP  |y NEVYP  |7 0  |p 17A1228146  |o snkMSS 407  |0 0  |1 0  |4 0  |d 2018-06-22  |f 1  |l 0  |r 2026-02-24 13:44:40  |w 2026-02-24